=LDR 00000nam 2200000 4500 =001 000884 =005 20250712114904 =035 ##$$a 0010-0725000762 =007 ta =008 250712################b##########0#ind## =020 ##$$a 978-623-472-686-2 =082 ##$$a 398.209 598 =084 ##$$a 398.209 598 KRI t =100 #$$a Krishna, Vinita =245 1#$$a Tut-Tut-Tut /$c Vinita Krishna =250 ##$$a cetakan pertama =260 ##$$a jakarta :$b badan pengembangan dan pembinaan bahasa,$c 2022 =300 ##$$a 16 hlm. : $b ilus. ; $c 22,9 cm$e 398.209 598 =650 #4$$a literasi bahan bacaan =856 ##$$a TBM As Suhada =990 ##$$a TBM202400739